000 00344nam a22001097a 4500
999 _c15233
_d15233
008 200306b ||||| |||| 00| 0 eng d
245 _aPhl to benefit from digital transformation - HSBC.
260 _aPhilippines;
_bThe Philippine Star,
_c©2019.
300 _apage B8;
_c29.5cm.
650 _aTechnological innovations.
_942026
942 _2ddc
_cPER